000
00293nam a2200145Ia 4500
100
_a
Shahane
942
_c
BK
654
_a
matrices
245
_a
Matrices
260
_b
Engineeing book pub .co
_a
Pune
_c
1968
082
_a
512.9432
_b
SHA
300
_a
376
546
_a
ENGLISH
999
_c
21166
_d
21166